Úloha priamych zahraničných investícií v ekonomike (teoretické aspekty a praktické skúsenosti)

Na minha lista:
Detalhes bibliográficos
Autor principal: Sadák, Peter
Formato: Capítulo de Livro
Idioma:eslovaco
Tags: Adicionar Tag
Sem tags, seja o primeiro a adicionar uma tag!

MARC

LEADER 00000naa$a2200000$$$4500
001 0110574
005 20240502072225.2
041 0 |a slo 
044 |a SK 
245 1 0 |a Úloha priamych zahraničných investícií v ekonomike  |b (teoretické aspekty a praktické skúsenosti)  |c Peter Sadák 
100 1 |a Sadák, Peter